Sigle delle Province italiane - Statistics

Statistiche generali
  • Questo quiz è stato fatto 994 volte
    274 dall'ultimo reset
  • Il punteggio medio è 74 su 110
Statistiche sulle risposte
Sigla Provincia % Corretto
MI Milano
93%
NA Napoli
93%
TO Torino
93%
VA Varese
93%
BA Bari
92%
AO Aosta
91%
TA Taranto
89%
FI Firenze
88%
LE Lecce
87%
PV Pavia
86%
SS Sassari
86%
BO Bologna
85%
AV Avellino
84%
CO Como
84%
GO Gorizia
83%
RM Roma
83%
UD Udine
83%
AG Agrigento
82%
FE Ferrara
82%
PD Padova
82%
VI Vicenza
82%
GE Genova
81%
AQ L'Aquila
81%
SO Sondrio
81%
VE Venezia
81%
BG Bergamo
80%
BZ Bolzano
79%
KR Crotone
79%
LU Lucca
79%
CH Chieti
78%
IS Isernia
78%
MO Modena
77%
VT Viterbo
77%
RA Ravenna
76%
CZ Catanzaro
75%
FR Frosinone
75%
LI Livorno
75%
RN Rimini
75%
SV Savona
74%
AR Arezzo
73%
ME Messina
73%
NO Novara
73%
SA Salerno
73%
IM Imperia
72%
NU Nuoro
72%
PI Pisa
72%
RE Reggio Emilia
72%
VR Verona
72%
AN Ancona
70%
FG Foggia
70%
MS Massa-Carrara
70%
PA Palermo
70%
TN Trento
70%
TS Trieste
70%
EN Enna
69%
LO Lodi
69%
PC Piacenza
69%
AT Asti
68%
BI Biella
68%
PG Perugia
68%
RO Rovigo
68%
SI Siena
68%
TP Trapani
68%
AP Ascoli Piceno
67%
LT Latina
67%
MN Mantova
67%
OR Oristano
67%
TE Teramo
67%
TV Treviso
67%
CT Catania
66%
MB Monza e Brianza
66%
VB Verbano-Cusio-Ossola
66%
RI Rieti
65%
BS Brescia
64%
CS Cosenza
64%
PZ Potenza
64%
GR Grosseto
63%
VV Vibo Valentia
63%
AL Alessandria
62%
CA Cagliari
62%
BL Belluno
61%
MC Macerata
61%
PE Pescara
61%
BN Benevento
59%
MT Matera
59%
RG Ragusa
59%
CL Caltanissetta
58%
CR Cremona
57%
CN Cuneo
57%
LC Lecco
57%
BR Brindisi
56%
FM Fermo
56%
SP La Spezia
55%
TR Terni
54%
PN Pordenone
53%
PU Pesaro e Urbino
51%
PT Pistoia
51%
FC Forlì-Cesena
50%
SR Siracusa
50%
VC Vercelli
49%
RC Reggio Calabria
48%
CB Campobasso
47%
CE Caserta
47%
BT Barletta-Andria-Trani
43%
PR Parma
41%
PO Prato
30%
OG Ogliastra
26%
VS Medio Campidano
9%
SU Sulcis Iglesiente
4%
OT Gallura Nord-Est Sardegna
2%
Nessun quiz corrispondente trovato
Distribuzione punteggi
Percentuale di utenti per punteggio
Percentile per numero di risposta
I tuoi punteggi nel tempo
Non hai fatto questo quiz dall'ultimo reset